A comparison of leadership styles between college and university administrators of physical education in the United States and Korea /

Bibliographic Details
Main Author: Cho, Kwang Min
Format: Thesis Microform Book
Language:English
Published: [Place of publication not identified] : [publisher not identified] ; 1985.
Subjects:

MARC

Tag First Indicator Second Indicator Subfields
LEADER 00000cam a2200000 a 4500
001 in00000020806
005 20151007055501.0
007 he bmb|||||||
008 861022r19861985orua bb 00010 eng d
035 |a (OCoLC)14475498 
035 |9 AAB8371AM 
040 |a ORU  |c MIA  |d MIA  |d HPE  |d OCL  |d WAY  |d TXA  |d UtOrBLW 
043 |a n-us---  |a a-kr--- 
049 |a TXAI 
099 |a fiche  |a C  |a 7715 
100 1 |a Cho, Kwang Min. 
245 1 2 |a A comparison of leadership styles between college and university administrators of physical education in the United States and Korea /  |c by Kwang Min Cho. 
264 1 |a [Place of publication not identified] :  |b [publisher not identified] ;  |c 1985. 
300 |a 64 leaves :  |b illustrations 
336 |a text  |b txt  |2 rdacontent 
337 |a microform  |b h  |2 rdamedia 
338 |a microfiche  |b he  |2 rdacarrier 
502 |b M.S.  |c South Dakota State University  |d 1985. 
504 |a Bibliography: leaves 46-48. 
533 |a Microfiche.  |b Eugene :  |c Microform Publications, College of Human Development and Performance, University of Oregon,  |d 1986.  |e 1 microfiche : negative ; 11 x 15 cm. 
500 |a Microform. 
650 0 |a Physical education and training  |z United States  |x Management. 
650 0 |a Physical education and training  |z Korea  |x Management. 
650 0 |a Leadership. 
999 |a MARS 
999 f f |s e3b73584-515b-3e02-aa6e-04db7c3b6c24  |i 1b2e9513-435d-3cb0-b928-b737553861ab  |t 0 
952 f f |p normal  |a Texas A&M University  |b College Station  |c Sterling C. Evans Library  |d Evans: Microforms (3rd floor)  |t 0  |e fiche C 7715  |h Other scheme  |i microform -- microfiche  |m A14822778359 
998 f f |a fiche C 7715  |t 0  |l Evans: Microforms (3rd floor)